Химический состав растений в экстремальных условиях локальной зоны комбината "Североникель" (Запись № 777714)

Подробности
000 -МАРКЕР
контрольное поле 03268nam0a2200493 4500
001 - ИДЕНТИФИКАТОР ЗАПИСИ
контрольное поле RU\NLR\bibl\1342104
005 - ИДЕНТИФИКАТОР ВЕРСИИ
контрольное поле 20260405173927.0
010 ## - МЕЖДУНАРОДНЫЙ СТАНДАРТНЫЙ НОМЕР КНИГИ (ISBN)
Номер (ISBN) 978-5-91137-046-6
Тираж 85
021 ## - НОМЕР ГОСУДАРСТВЕННОЙ РЕГИСТРАЦИИ
Код страны российская федерация
Номер 2009-478
Номер Листа государственной регистраци 29
021 ## - НОМЕР ГОСУДАРСТВЕННОЙ РЕГИСТРАЦИИ
Код страны российская федерация
Номер 2009-2282
Номер Листа государственной регистраци 121
035 ## - ДРУГИЕ СИСТЕМНЫЕ НОМЕРА
Идентификатор записи (nilc)RSL-KNO-004236199
035 ## - ДРУГИЕ СИСТЕМНЫЕ НОМЕРА
Идентификатор записи (NLR Aleph) 001327257
100 ## - ДАННЫЕ ОБЩЕЙ ОБРАБОТКИ
Данные общей обработки 20090225d2008 |||y0rusy50 ca
101 0# - ЯЗЫК РЕСУРСА
Язык текста, звукозаписи и т.д. русский
Язык резюме английский
Язык оглавления английский
102 ## - СТРАНА ПУБЛИКАЦИИ ИЛИ ПРОИЗВОДСТВА
Страна публикации российская федерация
105 ## - ПОЛЕ КОДИРОВАННЫХ ДАННЫХ: ТЕКСТОВЫЕ МАТЕРИАЛЫ, МОНОГРАФИЧЕСКИЕ
Кодированные данные о монографическом текстовом документе a z |||||
200 1# - ЗАГЛАВИЕ И СВЕДЕНИЯ ОБ ОТВЕТСТВЕННОСТИ
Основное заглавие Химический состав растений в экстремальных условиях локальной зоны комбината "Североникель"
Параллельное заглавие Plant chemistry under the extreme conditions of the "Severonickel" smelter impact
Первые сведения об ответственности Г.М. Кашулина, Н.В. Салтан
Последующие сведения об ответственности под ред. чл.-кор. Рос. акад. наук В.К. Жирова
-- Рос. акад. наук, Кольск. науч. центр, Поляр.-альпийск. ботан. сад-ин-т
Язык параллельного заглавия английский
210 ## - ПУБЛИКАЦИЯ, РАСПРОСТРАНЕНИЕ И ДР.
Место издания, распространения и т.д. Апатиты
Имя издателя, распространителя и т. д. издание Кольского научного центра РАН
-- Полярно-альпийский ботанический сад-институт
Дата издания, распространения и т.д. 2008
215 ## - ФИЗИЧЕСКАЯ ХАРАКТЕРИСТИКА
Специфическое обозначение материала и объем 235 с.
Другие сведения о физической характеристике ил.
Размеры 26
300 ## - ОБЩИЕ ПРИМЕЧАНИЯ
Текст примечания Авт. также на англ. яз.: G.M. Kashulina, N.V. Saltan
300 ## - ОБЩИЕ ПРИМЕЧАНИЯ
Текст примечания Рез. на англ. яз.
320 ## - ПРИМЕЧАНИЯ О НАЛИЧИИ В ДОКУМЕНТЕ БИБЛИОГРАФИИ / УКАЗАТЕЛЯ
Текст примечания Библиогр.: с. 228-233
510 0# - ПАРАЛЛЕЛЬНОЕ ЗАГЛАВИЕ
Связь между полями z20790
Параллельное заглавие Plant chemistry under the extreme conditions of the "Severonickel" smelter impact
Язык заглавия английский
606 1# - НАИМЕНОВАНИЕ ТЕМЫ КАК ПРЕДМЕТ
Наименование темы Растения
Тематический подзаголовок Влияние загрязнения воздуха химическими веществами
Географический подзаголовок Кольский полуостров (Северо-Запад Европейской части РФ)
Системный номер авторитетной/нормативной записи 2547514
Идентификатор авторитетной/нормативной записи RU\NLR\auth\661507704
606 1# - НАИМЕНОВАНИЕ ТЕМЫ КАК ПРЕДМЕТ
Наименование темы Растения
Тематический подзаголовок Биохимия
Географический подзаголовок Кольский полуостров (Северо-Запад Европейской части РФ)
Системный номер авторитетной/нормативной записи 2547513
Идентификатор авторитетной/нормативной записи RU\NLR\auth\661507703
610 0# - НЕКОНТРОЛИРУЕМЫЕ ПРЕДМЕТНЫЕ ТЕРМИНЫ
Предметный термин Биологические науки -- Ботаника -- Биохимия растений -- Экологическая биохимия
610 0# - НЕКОНТРОЛИРУЕМЫЕ ПРЕДМЕТНЫЕ ТЕРМИНЫ
Предметный термин Биологические науки -- Ботаника -- Экология растений -- Антропические факторы среды и приспособление к ним -- Химические факторы
610 0# - НЕКОНТРОЛИРУЕМЫЕ ПРЕДМЕТНЫЕ ТЕРМИНЫ
Предметный термин Биологические науки -- Ботаника -- Фитогеография -- Российская Федерация -- Кольский полуостров
686 ## - ИНДЕКСЫ ДРУГИХ КЛАССИФИКАЦИЙ
Индекс Е572,1,0
Код системы
686 ## - ИНДЕКСЫ ДРУГИХ КЛАССИФИКАЦИЙ
Индекс Е581.42,0
Код системы
686 ## - ИНДЕКСЫ ДРУГИХ КЛАССИФИКАЦИЙ
Индекс Е585.9(2Р31-4Му),0
Код системы
686 ## - ИНДЕКСЫ ДРУГИХ КЛАССИФИКАЦИЙ
Индекс Е572(2Р31-4Му)
686 ## - ИНДЕКСЫ ДРУГИХ КЛАССИФИКАЦИЙ
Индекс Е581.26(2Р31-4Му)
700 #1 - ИМЯ ЛИЦА - ПЕРВИЧНАЯ ОТВЕТСТВЕННОСТЬ
Код отношения Автор
Материалы, к которым относится поле rus
Графика поля Кириллица
Начальный элемент ввода Кашулина
Часть имени, кроме начального элемента ввода Г. М.
Расширение инициалов личного имени Галина Михайловна
Идентификатор авторитетной/нормативной записи RU\NLR\auth\7775243
Системный номер авторитетной/нормативной записи 58171
701 #1 - ИМЯ ЛИЦА - АЛЬТЕРНАТИВНАЯ ОТВЕТСТВЕННОСТЬ
Код отношения Автор
Материалы, к которым относится поле rus
Графика поля Кириллица
Начальный элемент ввода Салтан
Часть имени, кроме начального элемента ввода Н. В.
Идентификатор авторитетной/нормативной записи RU\NLR\auth\7775246
Системный номер авторитетной/нормативной записи 58174
790 #1 - ИМЯ ЛИЦА - АЛЬТЕРНАТИВНАЯ ФОРМА
Код отношения Автор
Материалы, к которым относится поле rus
Графика поля Латинская
Начальный элемент ввода Kašulina
Часть имени, кроме начального элемента ввода G. M.
Расширение инициалов личного имени Galina Michajlovna
Идентификатор авторитетной/нормативной записи RU\NLR\auth\7775244
Системный номер авторитетной/нормативной записи 58172
790 #1 - ИМЯ ЛИЦА - АЛЬТЕРНАТИВНАЯ ФОРМА
Код отношения Автор
Материалы, к которым относится поле rus
Графика поля Латинская
Начальный элемент ввода Saltan
Часть имени, кроме начального элемента ввода N. B.
Идентификатор авторитетной/нормативной записи RU\NLR\auth\7775247
Системный номер авторитетной/нормативной записи 58175
801 #0 - ИСТОЧНИК ЗАПИСИ
Страна российская федерация
Организация РКП
Дата составления 20090225
Правила каталогизации rcr
801 #1 - ИСТОЧНИК ЗАПИСИ
Страна российская федерация
Организация РГБ
Дата составления 20090225
801 #2 - ИСТОЧНИК ЗАПИСИ
Страна российская федерация
Организация NLR
Дата составления 20090318
Правила каталогизации rcr
942 ## - ДОПОЛНИТЕЛЬНЫЕ ЭЛЕМЕНТЫ ЗАПИСИ (АБИС)
Тип экземпляра АБИС Книга
980 ## - КОЛЛЕКЦИЯ
Название коллекции Национальная библиография
Экземпляры
Тип экземпляра Дата поступления Источник поступления Библиотека постоянного хранения Библиотека текущего хранения Место хранения Шифр хранения Штрих-код Статус не для выдачи Стоимость
Книга 18.03.2009 Обязательный экземпляр РНБ (Московский) РНБ (Московский) Русский книжный фонд: издания с 1957 года, 9этаж 2009-7/1628 2874544    
Книга 19.03.2009 Обязательный экземпляр РНБ (Московский) РНБ (Московский) Русский книжный фонд: издания с 1957 года, 9этаж 2009-7/1628 2876487    
Книга 19.03.2009 Подсобные фонды РНБ РНБ (Московский) РНБ (Московский) Обменный фонд   1-1281222   300.00